Countries Carly Rae Jepsen has Visited - Statistics

General Stats
  • This quiz has been taken 41 times
    10 since last reset
  • The average score is 24 of 28
Answer Stats
Continent Country % Correct
Europe Spain
100%
South America Argentina
86%
Oceania Australia
86%
Europe Belgium
86%
South America Brazil
86%
North America Canada
86%
South America Chile
86%
Asia China
86%
Europe France
86%
Europe Germany
86%
Asia Indonesia
86%
Europe Ireland
86%
Europe Italy
86%
Asia Japan
86%
North America Mexico
86%
Oceania New Zealand
86%
Europe Norway
86%
Asia Philippines
86%
Europe Portugal
86%
Asia Singapore
86%
Africa South Africa
86%
Europe Sweden
86%
Europe Switzerland
86%
Asia Taiwan
86%
Asia United Arab Emirates
86%
Europe United Kingdom
86%
North America United States of America
86%
Europe Netherlands
71%
No matching quizzes found
Score Distribution
Percent of People with Each Score
Percentile by Number Answered
Your Score History
You have not taken this quiz since the last reset